| 000 | 00469nam a2200169Ia 4500 | ||
|---|---|---|---|
| 999 |
_c864 _d864 |
||
| 003 | OSt | ||
| 005 | 20210902104956.0 | ||
| 008 | 190216s9999||||xx |||||||||||||| ||und|| | ||
| 040 | _coclc | ||
| 082 |
_a492.79 _bHAM/T |
||
| 100 |
_aHameed, V B Abdul _98751 |
||
| 245 | 0 |
_aTharjimul Ahlam / _cV B Abdul Hameed |
|
| 260 |
_bAl Huda Book Stall, _c2013. _aCalicut: |
||
| 300 | _a49p | ||
| 650 | _aArabic | ||
| 942 |
_cBK _2ddc _h492.79 _iHAM/T _k492.79 _mHAM/T |
||